Príprava a ďalšie vzdelávanie pracovníkov vedúce k zvyšovaniu kvalifikácie : Diplomová práca

Na minha lista:
Detalhes bibliográficos
Autor principal: Záležák, Pavol (Author)
Outros Autores: Skubáková, Katarína (xxx)
Formato: Manuscrito Livro
Idioma:eslovaco
Publicado em: Trnava : STU v Bratislave MtF KMK, 1999
Assuntos:
Tags: Adicionar Tag
Sem tags, seja o primeiro a adicionar uma tag!

MARC

LEADER 00000ntm a22000003a 4500
001 stu53872
005 20160719155211.2
008 000607s1999----xo------------------slo-d
040 |a STU  |b slo 
041 0 |a slo 
044 |a xo 
100 1 |a Záležák, Pavol  |4 aut 
245 1 |a Príprava a ďalšie vzdelávanie pracovníkov vedúce k zvyšovaniu kvalifikácie :  |b Diplomová práca 
260 |a Trnava :  |b STU v Bratislave MtF KMK,  |c 1999 
300 |a 61 s  |c výťah 
650 7 |a Vzdelávanie-kvalifikácia  |2 stusub 
650 7 |a manažment priemyselných podnikov  |2 stusub 
700 1 |a Skubáková, Katarína  |4 xxx  |u M190  |U MTF Materiálovotechnologická fakulta  |T MTF Katedra priemyselného inžinierstva a manažmentu  |U M190  |Y 167